LEADER 02788nam 22006254a 450 001 996201820803316 005 20230617010715.0 010 $a1-281-31030-1 010 $a9786611310301 010 $a0-470-70115-3 010 $a0-470-77335-9 010 $a0-470-77515-7 035 $a(CKB)1000000000398862 035 $a(EBL)350921 035 $a(OCoLC)476169664 035 $a(SSID)ssj0000101150 035 $a(PQKBManifestationID)11111675 035 $a(PQKBTitleCode)TC0000101150 035 $a(PQKBWorkID)10042011 035 $a(PQKB)10332359 035 $a(MiAaPQ)EBC350921 035 $a(EXLCZ)991000000000398862 100 $a20030702d2004 uy 0 101 0 $aeng 135 $aur|n|---||||| 181 $ctxt 182 $cc 183 $acr 200 10$aAlien sex$b[electronic resource] $ethe body and desire in cinema and theology /$fGerard Loughlin 210 $aMalden, MA $cBlackwell Pub.$d2004 215 $a1 online resource (338 p.) 225 1 $aChallenges in contemporary theology 300 $aDescription based upon print version of record. 311 $a0-631-21180-2 311 $a0-631-21179-9 320 $aIncludes bibliographical references and index. 327 $aCONTENTS; List of Figures; In the Lobby; Part I Introduction; 1 Desiring Bodies; Part II Cavities; 2 Seeing in the Dark; 3 Visionary Screens; Part III Copulations; 4 Alien Sex; 5 God's Sex; 6 Sex Slaves; 7 Want of Family; Part IV Consolations; 8 The Man Who Fell to Earth; 9 The Garden; Index 330 $aGerard Loughlin is one of the leading theologians working at the interface between religion and contemporary culture. In this exceptional work, he uses cinema and the films it shows to think about the church and the visions of desire it displays. Discusses various films, including the Alien quartet, Christopher Nolan's Memento, Stanley Kubrick's 2001: A Space Odyssey and A Clockwork Orange, Nicolas Roeg's The Man Who Fell to Earth and Derek Jarman's The Garden. Draws on a wide range of authors, both ancient and modern, religious and secular, from Plato to Levinas, from 410 0$aChallenges in contemporary theology. 606 $aHuman body$xReligious aspects$xChristianity 606 $aSex$xReligious aspects$xChristianity 606 $aMotion pictures$xReligious aspects$xChristianity 615 0$aHuman body$xReligious aspects$xChristianity. 615 0$aSex$xReligious aspects$xChristianity. 615 0$aMotion pictures$xReligious aspects$xChristianity. 676 $a233.5 676 $a233/.5 700 $aLoughlin$b Gerard$0941280 801 0$bMiAaPQ 801 1$bMiAaPQ 801 2$bMiAaPQ 906 $aBOOK 912 $a996201820803316 996 $aAlien sex$92123132 997 $aUNISA LEADER 04289nam 2201069z- 450 001 9910639995003321 005 20231214132849.0 010 $a3-0365-4944-7 035 $a(CKB)5470000001633403 035 $a(oapen)https://directory.doabooks.org/handle/20.500.12854/95823 035 $a(EXLCZ)995470000001633403 100 $a20202301d2022 |y 0 101 0 $aeng 135 $aurmn|---annan 181 $ctxt$2rdacontent 182 $cc$2rdamedia 183 $acr$2rdacarrier 200 10$aMolecular Research in Rice: Agronomically Important Traits 2.0 210 $aBasel$cMDPI - Multidisciplinary Digital Publishing Institute$d2022 215 $a1 electronic resource (182 p.) 311 $a3-0365-4943-9 330 $aThis volume presents recent research achievements concerning the molecular genetic basis of agronomic traits in rice. Rice (Oryza sativa L.) is the most important food crop in the world, being a staple food for more than half of the world?s population. Recent improvements in living standards have increased the worldwide demand for high-yielding and high-quality rice cultivars. To develop novel cultivars with superior agronomic performance, we need to understand the molecular basis of agronomically important traits related to grain yield, grain quality, disease resistance, and abiotic stress tolerance. Decoding the whole rice genome sequence revealed that ,while there are more than 37,000 genes in the ~400 Mbp rice genome, there are only about 3000 genes whose molecular functions are characterized in detail. We collected in this volume the continued research efforts of scholars that elucidate genetic networks and the molecular mechanisms controlling agronomically important traits in rice. 517 $aMolecular Research in Rice 606 $aResearch & information: general$2bicssc 606 $aBiology, life sciences$2bicssc 606 $aTechnology, engineering, agriculture$2bicssc 610 $agrain number per panicle 610 $agrain yield 610 $aphase transition 610 $arachis branch 610 $arice panicle 610 $aspikelet specialisation 610 $arice 610 $aflowering time 610 $aambient temperature fluctuation 610 $achromosome segment substitution line (CSSL) 610 $aquantitative trait locus (QTL) 610 $adrought tolerance 610 $acold tolerance 610 $aOryza sativa 610 $aOsCRP1 610 $achloroplast ribonucleoproteins 610 $aNAD(P)H dehydrogenase (NDH) complex 610 $anitrogen use efficiency 610 $atranscriptional regulation 610 $anitrate reductase 610 $anitrate transporter 610 $aglutamate synthase 610 $apotassium chlorate 610 $aQTL 610 $afood shortage 610 $ayield 610 $agrain size 610 $aOsBRKq1 610 $agenome editing 610 $ahomozygous 610 $aproteomics 610 $aC4 rice 610 $aproto-Kranz 610 $aphotosynthetic efficiency 610 $acrop improvement 610 $aspike-stalk injection 610 $atranscription factor 610 $aOsWRKY55 610 $adrought response 610 $aplant growth 610 $aOsAP2-39 610 $ainflorescence architecture 610 $aBLH homedomain protein 610 $abranching pattern 610 $averticillate primary branch 610 $atranscriptome analysis 610 $ahormone pathways 610 $ajaponica DT3 610 $asubmergence tolerance 610 $amarker-assisted backcross 610 $aforeground selection 610 $abackground selection 610 $athree-dimensional imaging 610 $ashoot apical meristem 610 $aroot tip 615 7$aResearch & information: general 615 7$aBiology, life sciences 615 7$aTechnology, engineering, agriculture 700 $aHori$b Kiyosumi$4edt$01295504 702 $aShenton$b Matthew$4edt 702 $aHori$b Kiyosumi$4oth 702 $aShenton$b Matthew$4oth 906 $aBOOK 912 $a9910639995003321 996 $aMolecular Research in Rice: Agronomically Important Traits 2.0$93029032 997 $aUNINA